History Quiz

Random History or Biography Quiz

Biography: N Quiz Stats

 Plays Quiz Updated Oct 25, 2015

Also try: Biography: G
Challenge
Share
Tweet
Embed
Score 0/20 Timer 06:00
2 Plays Today
Biography Channel Profile 'N' Person % Correct
He was the 37th President of the U.S. and first to resign his position when he assisted in a cover-up of illegal activity in the Watergate scandal.Richard Nixon
99%
An English physicist and mathematician, he is most famous for his work on gravity and was instrumental in the scientific revolution of the 17th century.Isaac Newton
94.3%
He became the 5th Roman Emperor at 17, after his mom poisoned the competition. He then put her to death, and pursued his love of theater.Nero
88.9%
He was an actor who played Spock in both the 1960s TV series 'Star Trek' and several movies based on the show. Leonard Nimoy
87.3%
He believed that he could predict the future and published his predictions in The Prophecies. Some believe they have or will come true.Nostradamus
76.9%
He is an Irish actor known for his strong leading-man roles and for his role as Qui-Gon Jinn in the prequel to 'Star Wars.'Liam Neeson
74.5%
A singer and songwriter, she is known for her work with Fleetwood Mac as well as for her solo career.Stevie Nicks
71.9%
Nicknamed 'Broadway Joe,' he was a U.S. football quarterback who in his third season with the New York Jets threw for a record 4,007 yards.Joe Namath
67.4%
A Czech-born women's tennis star, she was one of the world's top tennis players in the world in the 1970s and 1980s.Martina Navratilova
63%
He was an American Prohibition agent, famous for serving as the leader of a legendary team of law enforcement agents nicknamed the Untouchables.Eliot Ness
61.1%
Biography Channel Profile 'N' Person % Correct
A pioneer in the field of consumer advocacy, he is a four-time U.S. Presidential candidate.Ralph Nader
59.5%
He is an American country singer-songwriter, actor, and activist. He reached his greatest fame during the 1970s, and remains an American pop icon.Willie Nelson
59%
He was a Russian novelist and critic known for the intricate literary devices employed in such novels as 'Lolita.'Vladimir Nabokov
56%
He was the military ruler of Panama who ran a corrupt puppet government there until the United States drove him out in 1990.Manuel Noriega
52.4%
He was the inventor of basketball.James Naismith
52.3%
A former deputy-director of the National Security Council, he was implicated in the Iran-Contra affair and forced to resign. Charges were cleared in 1990.Oliver North
46.9%
He is an American singer, songwriter, and film composer best known for such songs as 'Short People,' 'I Love L.A.,' and 'Mama Told Me Not to Come.'Randy Newman
43.2%
He fronted the band Amboy Dukes in the 1970s. He has produced solo work since 1977, including the very successful 'Cat Scratch Fever.'Ted Nugent
36%
A film, stage, and TV actress, she played Catwoman in the 1960’s TV series 'Batman.' She was also in the musical film 'Seven Brides for Seven Brothers.'Julie Newmar
29.4%
She is the former wife of Tiger Woods, and mother to his two children.Elin Nordegren
27.5%

You're not logged in!

Compare scores with friends on all Sporcle quizzes.
Join for Free
OR
Log In

You Might Also Like...

Show Comments

Extras

Top Quizzes Today


Score Distribution

Your Account Isn't Verified!

In order to create a playlist on Sporcle, you need to verify the email address you used during registration. Go to your Sporcle Settings to finish the process.

Report this User

Report this user for behavior that violates our Community Guidelines.

Details: